| 000 | 00940nam a2200241Ia 4500 | ||
|---|---|---|---|
| 003 | OSt | ||
| 005 | 20250710114810.0 | ||
| 008 | 191128t1997 mx a br 000 f spa d | ||
| 020 | _a9681654358 | ||
| 040 |
_aCO-JMCR _cCO-JMCR |
||
| 041 | _aspa | ||
| 082 | 0 | 4 |
_aN _bFREc |
| 100 | 1 |
_aFrench, Vivian, _eautor _93065 |
|
| 245 | 1 | 0 |
_aCapitan Jennifer Aguamala Jones / _cVivian French; traducción María Teresa Solano |
| 250 | _aPrimera edición | ||
| 260 |
_aMéxico : _bFondo de Cultura Económica, _c©1997 |
||
| 300 |
_a47 páginas : _b ilustraciones blanco y negro ; _c19 cm. |
||
| 490 | _aA la orilla del viento | ||
| 500 | _aIncluye tabla de contenido. | ||
| 520 | _aCuando Jennifer Jones nació lo primero que hizo fue tomar la decisión de ser pirata. Cuando cumplió siete años se llevó un chasco, pues en lugar del loro que había pedido, su madre le regalo una gallina: Polly | ||
| 650 |
_aNovela _97001 |
||
| 942 |
_2ddc _cBK |
||
| 999 |
_c3383 _d3383 |
||